| 000 | 00446nam a22001697a 4500 | ||
|---|---|---|---|
| 999 |
_c5665 _d5665 |
||
| 003 | GBCCL | ||
| 005 | 20241126110547.0 | ||
| 008 | 180403b ||||| |||| 00| 0 eng d | ||
| 040 | _cgbc | ||
| 082 |
_a232.5 _bPIP |
||
| 100 |
_aPipkin, Henry E. _910228 |
||
| 245 |
_aThe Resurrection of Jesus / _cHenry E. Pipkin |
||
| 260 |
_aNew Delhi: _bChurch of Christ |
||
| 300 |
_a20 p.; _c18 cm. |
||
| 650 |
_aResurrection of Christ _99486 |
||
| 942 |
_2ddc _cBK |
||